000 00460nam a2200181Ia 4500
003 GCL
008 140319s9999 xx 000 0 eng d
040 _aGCL /
_cGCL
082 0 4 _a739.27
_bM J
100 1 _aMULLER, HELEN
245 1 0 _aJET JEWLLERY AND ORNAMENTS /
_cMULLER, HELEN
260 _a[S.N] :
_bSHIRE PUBLICATIONS LTD ،
_c1991
300 _a32
490 _aSHIRE 52 ALBUM
_v0
650 0 4 _aJEWELLERY
650 0 4 _aJET, STONE
942 _2ddc
_cBK
999 _c21155
_d21155